Welcome to CU Library Online Public Access Catalogue (OPAC)

THE INCOMPARABLE CHRIST (Record no. 6594)

MARC details
000 -LEADER
fixed length control field 00368nam a22001457a 4500
005 - DATE AND TIME OF LATEST TRANSACTION
control field 20250715163527.0
008 - FIXED-LENGTH DATA ELEMENTS--GENERAL INFORMATION
fixed length control field 250619b |||||||| |||| 00| 0 eng d
020 ## - INTERNATIONAL STANDARD BOOK NUMBER
International Standard Book Number 9780851114859
050 ## - LIBRARY OF CONGRESS CALL NUMBER
Classification number BT198
Item number .S746 STO
100 ## - MAIN ENTRY--PERSONAL NAME
Personal name STOTT JOHN
245 ## - TITLE STATEMENT
Title THE INCOMPARABLE CHRIST
260 ## - PUBLICATION, DISTRIBUTION, ETC.
Place of publication, distribution, etc. NOTTINGHAM
Name of publisher, distributor, etc. INTER-VARSITY PRESS
Date of publication, distribution, etc. c2001
300 ## - PHYSICAL DESCRIPTION
Extent 250p
942 ## - ADDED ENTRY ELEMENTS (KOHA)
Source of classification or shelving scheme Library of Congress Classification
Koha item type Books
Suppress in OPAC No
999 ## -
-- 6594
-- 6594
Holdings
Withdrawn status Lost status Source of classification or shelving scheme Damaged status Not for loan Collection Home library Current library Shelving location Date acquired Total checkouts Full call number Barcode Date last seen Copy number Price effective from Koha item type
    Library of Congress Classification     Non-fiction Undergraduate Library (Christ Temple) Undergraduate Library (Christ Temple) General stacks 06/19/2025   BT198.S746 STO ulct00003448 06/19/2025 1 06/19/2025 Books
    Library of Congress Classification     Non-fiction Undergraduate Library (Christ Temple) Undergraduate Library (Christ Temple) General stacks 07/16/2025   BT198.S.746 STO ulct00003871 07/16/2025 1 07/16/2025 Books
© 2023-2024 Copyright: Central University Libraries. All Rights Reserved | Created by: Mahone Tech Office